Saga de Egil Skalla-Grimsson / (Record no. 47780)

MARC details
000 -LEADER
campo de control de longitud fija 00949nam a2200265 i 4500
001 - NÚMERO DE CONTROL
campo de control 47780
003 - IDENTIFICADOR DE NÚMERO DE CONTROL
campo de control ES-MaACL
005 - FECHA Y HORA DE LA ÚLTIMA TRANSACCIÓN
campo de control 20250728183049.0
007 - CAMPO FIJO DE DESCRIPCIÓN FÍSICA--INFORMACIÓN GENERAL
campo de control de longitud fija t|
008 - DATOS DE LONGITUD FIJA--INFORMACIÓN GENERAL
campo de control de longitud fija 150921s1984 sp b |||| |dspa d
020 ## - NÚMERO INTERNACIONAL ESTÁNDAR DEL LIBRO
Número Internacional Estándar del Libro 84-276-0649-4
100 0# - ENTRADA PRINCIPAL--NOMBRE DE PERSONA
Nombre de persona Snorri Sturluson.
9 (RLIN) 106967
245 10 - MENCIÓN DEL TÍTULO
Título Saga de Egil Skalla-Grimsson /
Mención de responsabilidad, etc. Snorri Sturluson ; edición preparada por Enrique Bernárdez.
260 ## - PUBLICACIÓN, DISTRIBUCIÓN, ETC.
Lugar de publicación, distribución, etc. Madrid :
Nombre del editor, distribuidor, etc. Editora Nacional,
Fecha de publicación, distribución, etc. [1984]
300 ## - DESCRIPCIÓN FÍSICA
Extensión 431 p. :
Otras características físicas map. ;
Dimensiones 18 cm.
490 1# - MENCIÓN DE SERIE
Mención de serie Biblioteca de la literatura y el pensamiento universales ;
Designación de volumen o secuencia 56
504 ## - NOTA DE BIBLIOGRAFÍA, ETC.
Nota de bibliografía, etc. Bibliografía: p. 87-91.
600 14 - PUNTO DE ACCESO ADICIONAL DE MATERIA--NOMBRE DE PERSONA
Nombre de persona Skallagrimsson, Egil.
9 (RLIN) 167939
650 #4 - PUNTO DE ACCESO ADICIONAL DE MATERIA--TÉRMINO DE MATERIA
Término de materia o nombre geográfico como elemento de entrada Sagas.
9 (RLIN) 159781
650 #4 - PUNTO DE ACCESO ADICIONAL DE MATERIA--TÉRMINO DE MATERIA
Término de materia o nombre geográfico como elemento de entrada Vikingos-
Subdivisión general Historia.
9 (RLIN) 17808
700 1# - ENTRADA AGREGADA--NOMBRE PERSONAL
Nombre de persona Bernárdez, Enrique,
Fechas asociadas al nombre 1949-
9 (RLIN) 161110
830 0# - PUNTO DE ACCESO ADICIONAL DE SERIE-TÍTULO UNIFORME
Título uniforme Biblioteca de la literatura y el pensamiento universales ;
Designación de volumen o secuencia 56
9 (RLIN) 182217
852 ## - LOCALIZACIÓN
Ubicación ES-MaACL
Número de control de estantería L-30154
Nota libre .- Donat. Miguel A. Velasco
Holdings
Estatus retirado Estado de pérdida Estado de daño No para préstamo Biblioteca de origen Biblioteca actual Ubicación en estantería Fecha de adquisición Fuente de adquisición Total de préstamos Signatura topográfica completa Código de barras Visto por última vez Precio de reemplazo Tipo de ítem Koha
        Biblioteca del Ateneo de Madrid Biblioteca del Ateneo de Madrid Depósito 2 21/08/2015     L-30154 1194056 23/02/2023 23/02/2023 Libro impreso